[Event "71st RUS-ch Higher League 2018"]
[Site "Yaroslavl"]
[Date "2018.06.30"]
[Round "5"]
[White "Zakaryan, David"]
[Black "Vastrukhin, Oleg"]
[Result "1-0"]
[WhiteElo "2387"]
[BlackElo "2420"]
[Annotator "NA"]
[PlyCount "103"]
[EventDate "2018.06.26"]
[EventType "swiss"]
[EventCountry "RUS"]
[SourceTitle "playchess.com"]
[Source "ChessBase"]
[SourceQuality "1"]
[TimeControl "40/5400+30:1800+30"]

1. Nf3 {[%emt 0:00:04]} g6 {[%emt 0:00:00]} 2. d4 {[%emt 0:00:28]} Bg7 {[%emt 0:00:00]} 3. c4 {[%emt 0:00:44]} f5 {[%emt 0:02:12]} 4. Nc3 {[%emt 0:00:14]} Nf6 {[%emt 0:00:11]} 5. g3 {[%emt 0:05:09]} O-O {[%emt 0:00:18]} 6. Bg2 {[%emt 0:00:04]} d6 {[%emt 0:00:04]} 7. O-O {[%emt 0:00:04]} Qe8 {[%emt 0:00:11]} 8. Re1 {[%emt 0:06:49]} Qf7 {[%emt 0:01:49]} 9. d5 {[%emt 0:08:44]} Ne4 {[%emt 0:03:10]} 10. Nb5 {[%emt 0:00:53]} e5 {[%emt 0:03:44]} 11. Nd2 {[%emt 0:05:32]} a6 {[%emt 0:06:36]} 12. Na3 {[%emt 0:02:14]} Nxd2 {[%emt 0:01:43]} 13. Bxd2 {[%emt 0:00:28]} f4 {[%emt 0:02:18]} 14. e4 {[%emt 0:08:11]} g5 {[%emt 0:06:01]} 15. f3 {[%emt 0:01:19]} g4 {[%emt 0:03:44]} 16. fxg4 {[%emt 0:06:21]} f3 {[%emt 0:01:35]} 17. Rf1 {[%emt 0:00:01]} Bxg4 {[%emt 0:00:24]} 18. Rf2 {[%emt 0:01:21]} Nd7 {[%emt 0:03:07]} 19. h3 Qg6 {[%emt 0:09:57]} 20. hxg4 {[%emt 0:11:19]} fxg2 {[%emt 0:00:04]} 21. Rf5 {[%emt 0:00:26]} Nf6 {[%emt 0:00:13]} 22. Qf3 {[%emt 0:00:39]} Qxg4 {[%emt 0:01:05]} 23. Kxg2 {[%emt 0:02:19]} h5 {[%emt 0:05:36]} 24. Qxg4 {[%emt 0:06:07]} Nxg4 {[%emt 0:04:22]} 25. Rh1 {[%emt 0:02:30]} Nf6 {[%emt 0:14:12]} 26. Rh4 {[%emt 0:00:24]} c6 {[%emt 0:01:48]} 27. Bg5 {[%emt 0:01:03]} cxd5 {[%emt 0:00:55]} 28. cxd5 {[%emt 0:01:39]} Rac8 {[%emt 0:05:06]} 29. Bxf6 {[%emt 0:00:25]} Bxf6 {[%emt 0:05:34]} 30. Rhxh5 {[%emt 0:00:17]} b5 {[%emt 0:00:04]} 31. b3 {[%emt 0:02:22]} Kg7 {[%emt 0:00:27]} 32. Rf2 {[%emt 0:04:55]} Rc3 {[%emt 0:02:43]} 33. Rhf5 {[%emt 0:02:44]} Be7 {[%emt 0:00:02]} 34. Rxf8 {[%emt 0:00:55]} Bxf8 {[%emt 0:00:01]} 35. Rc2 {[%emt 0:04:28]} Rd3 {[%emt 0:02:14]} 36. Rc7+ {[%emt 0:00:49]} Kg6 {[%emt 0:00:01]} 37. Nc2 {[%emt 0:00:12]} Bh6 {[%emt 0:02:10]} 38. Rc6 {[%emt 0:01:00]} Kh5 {[%emt 0:01:21]} 39. Ne1 {[%emt 0:03:12]} Re3 {[%emt 0:00:45]} 40. Nf3 {[%emt 0:00:00]} Bf8 {[%emt 0:00:00]} 41. Rc8 {[%emt 0:03:14]} Bg7 {[%emt 0:08:22]} 42. Rd8 {[%emt 0:09:29]} Rxe4 {[%emt 0:04:29]} 43. Rxd6 {[%emt 0:01:14]} Re3 {[%emt 0:00:09]} 44. Kf2 {[%emt 0:11:13]} Rd3 {[%emt 0:01:23]} 45. Re6 {[%emt 0:00:09]} a5 {[%emt 0:05:35]} 46. d6 {[%emt 0:07:18]} e4 {[%emt 0:00:42]} 47. Ne1 {[%emt 0:00:37]} Rd5 {[%emt 0:05:19]} 48. Ke3 {[%emt 0:03:30]} Bf8 {[%emt 0:00:24]} 49. Kxe4 {[%emt 0:01:23]} Rxd6 {[%emt 0:00:04]} 50. Rxd6 {[%emt 0:01:38]} Bxd6 {[%emt 0:00:01]} 51. Kd5 {[%emt 0:00:22]} Bxg3 {[%emt 0:01:35]} 52. Nc2 {[%emt 0:00:09]} 1-0

[Event "71st RUS-ch Higher League 2018"]
[Site "Yaroslavl"]
[Date "2018.06.30"]
[Round "5"]
[White "Bykov, Egor"]
[Black "Triapishko, Alexandr"]
[Result "1/2-1/2"]
[WhiteElo "2373"]
[BlackElo "2513"]
[Annotator "ChessBase"]
[PlyCount "85"]
[EventDate "2018.06.26"]
[EventType "swiss"]
[EventCountry "RUS"]
[SourceTitle "playchess.com"]
[Source "ChessBase"]
[SourceQuality "1"]
[TimeControl "40/5400+30:1800+30"]

1. d4 {[%emt 0:00:00]} d5 {[%emt 0:00:00]} 2. c4 {[%emt 0:00:00]} e6 {[%emt 0:00:00]} 3. cxd5 {[%emt 0:01:30]} exd5 {[%emt 0:00:10]} 4. Nc3 {[%emt 0:00:09]} c6 {[%emt 0:01:45]} 5. Qc2 {[%emt 0:01:04]} Bd6 {[%emt 0:06:38]} 6. Nf3 {[%emt 0:08:49]} Ne7 {[%emt 0:04:54]} 7. e4 {[%emt 0:05:20]} dxe4 {[%emt 0:06:46]} 8. Nxe4 {[%emt 0:00:12]} Bb4+ {[%emt 0:08:54]} 9. Bd2 {[%emt 0:00:31]} Bxd2+ {[%emt 0:00:20]} 10. Qxd2 {[%emt 0:00:32]} Bf5 {[%emt 0:05:33]} 11. Bd3 {[%emt 0:18:41]} O-O {[%emt 0:00:41]} 12. O-O {[%emt 0:00:29]} Bxe4 {[%emt 0:12:35]} 13. Bxe4 {[%emt 0:00:02]} Qd6 {[%emt 0:00:25]} 14. Rfe1 {[%emt 0:04:47]} Nd7 {[%emt 0:01:28]} 15. Qg5 {[%emt 0:04:51]} Nf6 {[%emt 0:07:36]} 16. Qc5 {[%emt 0:09:58]} Qxc5 {[%emt 0:02:35]} 17. dxc5 {[%emt 0:00:06]} Rfe8 {[%emt 0:05:10]} 18. Rad1 {[%emt 0:01:55]} Nxe4 {[%emt 0:10:46]} 19. Rxe4 {[%emt 0:00:21]} Nd5 {[%emt 0:00:03]} 20. Rxe8+ {[%emt 0:02:00]} Rxe8 {[%emt 0:00:04]} 21. Kf1 {[%emt 0:00:35]} f6 {[%emt 0:00:52]} 22. Rd4 {[%emt 0:00:44]} Re7 {[%emt 0:07:50]} 23. Nd2 {[%emt 0:03:17]} Kf7 {[%emt 0:01:55]} 24. Nc4 {[%emt 0:01:30]} Ke6 {[%emt 0:04:11]} 25. Re4+ {[%emt 0:06:48]} Kd7 {[%emt 0:00:03]} 26. Rxe7+ {[%emt 0:00:11]} Nxe7 {[%emt 0:00:29]} 27. Ke2 {[%emt 0:00:24]} Nd5 {[%emt 0:03:27]} 28. g3 {[%emt 0:01:11]} b5 {[%emt 0:00:17]} 29. cxb6 {[%emt 0:02:04]} axb6 {[%emt 0:00:02]} 30. a3 {[%emt 0:02:38]} c5 {[%emt 0:01:39]} 31. Ne3 {[%emt 0:04:58]} Ne7 {[%emt 0:01:41]} 32. Kd3 {[%emt 0:01:35]} f5 {[%emt 0:01:59]} 33. Kc4 {[%emt 0:01:18]} Kc6 {[%emt 0:00:19]} 34. a4 {[%emt 0:00:35]} g6 {[%emt 0:00:14]} 35. b4 {[%emt 0:00:30]} cxb4 {[%emt 0:02:42]} 36. Kxb4 {[%emt 0:02:14]} Ng8 {[%emt 0:01:49]} 37. Nc4 {[%emt 0:04:41]} Nf6 {[%emt 0:00:01]} 38. Ne5+ {[%emt 0:00:10]} Kd6 {[%emt 0:01:45]} 39. f4 {[%emt 0:00:55]} Nd5+ {[%emt 0:00:49]} 40. Kb5 {[%emt 0:00:00]} Nc3+ {[%emt 0:00:00]} 41. Kxb6 {[%emt 0:03:39]} Nxa4+ {[%emt 0:01:38]} 42. Kb5 {[%emt 0:00:07]} Nc3+ {[%emt 0:03:59]} 43. Kc4 {[%emt 0:00:32] Kxe5} 1/2-1/2

[Event "71st RUS-ch Higher League 2018"]
[Site "Yaroslavl"]
[Date "2018.06.30"]
[Round "5"]
[White "Bykov, Oleg"]
[Black "Moskalenko, Alexander"]
[Result "1/2-1/2"]
[WhiteElo "2370"]
[BlackElo "2558"]
[Annotator "ChessBase"]
[PlyCount "121"]
[EventDate "2018.06.26"]
[EventType "swiss"]
[EventCountry "RUS"]
[SourceTitle "playchess.com"]
[Source "ChessBase"]
[SourceQuality "1"]
[TimeControl "40/5400+30:1800+30"]

1. d4 {[%emt 0:00:00]} e6 {[%emt 0:08:50]} 2. e4 {[%emt 0:02:58]} d5 {[%emt 0:00:33]} 3. Bd3 {[%emt 0:01:20]} dxe4 {[%emt 0:01:11]} 4. Bxe4 {[%emt 0:00:05]} Nf6 {[%emt 0:00:11]} 5. Bf3 {[%emt 0:00:04]} c5 {[%emt 0:01:04]} 6. Ne2 {[%emt 0:00:08]} Nc6 {[%emt 0:05:22]} 7. Be3 {[%emt 0:00:09]} cxd4 {[%emt 0:04:14]} 8. Nxd4 {[%emt 0:00:21]} Ne5 {[%emt 0:00:59]} 9. Nc3 {[%emt 0:00:28]} Bb4 {[%emt 0:19:38]} 10. Ndb5 {[%emt 0:05:04]} Nxf3+ {[%emt 0:21:27]} 11. Qxf3 {[%emt 0:04:29]} O-O {[%emt 0:08:21]} 12. O-O {[%emt 0:05:12]} a6 {[%emt 0:03:20]} 13. a3 {[%emt 0:03:00]} Be7 {[%emt 0:06:06]} 14. Rad1 {[%emt 0:03:45]} Bd7 {[%emt 0:00:10]} 15. Nd6 {[%emt 0:16:15]} Bc6 {[%emt 0:00:58]} 16. Qg3 {[%emt 0:05:30]} Qb8 {[%emt 0:05:29]} 17. Bc5 {[%emt 0:11:43]} Ne8 {[%emt 0:02:02]} 18. Nce4 {[%emt 0:08:30]} Bxe4 {[%emt 0:06:28]} 19. Nxe4 {[%emt 0:00:12]} Bxc5 {[%emt 0:00:20]} 20. Nxc5 {[%emt 0:00:39]} Nf6 {[%emt 0:00:04]} 21. Nd7 {[%emt 0:09:54]} Qxg3 {[%emt 0:01:06]} 22. hxg3 {[%emt 0:00:08]} Rfd8 {[%emt 0:01:11]} 23. Nb6 {[%emt 0:02:54]} Rab8 {[%emt 0:00:09]} 24. f3 {[%emt 0:00:32]} h5 {[%emt 0:00:38]} 25. Kf2 {[%emt 0:01:08]} Kf8 {[%emt 0:00:21]} 26. c4 {[%emt 0:00:28]} Ke7 {[%emt 0:00:07]} 27. Ke3 {[%emt 0:00:12]} Nd7 {[%emt 0:01:39]} 28. Nxd7 {[%emt 0:00:40]} Rxd7 {[%emt 0:00:03]} 29. Rxd7+ {[%emt 0:00:03]} Kxd7 {[%emt 0:00:04]} 30. b4 {[%emt 0:00:39]} b6 {[%emt 0:01:23]} 31. Rh1 {[%emt 0:05:46]} g6 {[%emt 0:00:07]} 32. Kd4 {[%emt 0:00:53]} f6 {[%emt 0:01:10]} 33. g4 {[%emt 0:01:55]} hxg4 {[%emt 0:01:08]} 34. fxg4 {[%emt 0:00:14]} Kd6 {[%emt 0:00:07]} 35. Rh6 {[%emt 0:01:10]} e5+ {[%emt 0:00:26]} 36. Ke4 {[%emt 0:01:09]} Rg8 {[%emt 0:00:58]} 37. Rh7 {[%emt 0:00:28]} Rc8 {[%emt 0:00:29]} 38. Kd3 {[%emt 0:00:30]} Rd8 {[%emt 0:00:34]} 39. Ra7 {[%emt 0:09:23]} Kc6+ {[%emt 0:00:10]} 40. Ke3 {[%emt 0:00:00]} Rd4 {[%emt 0:00:00]} 41. c5 {[%emt 0:05:45]} a5 {[%emt 0:09:03]} 42. Rf7 {[%emt 0:08:48]} axb4 {[%emt 0:01:40]} 43. axb4 {[%emt 0:00:10]} bxc5 {[%emt 0:01:04]} 44. Rxf6+ {[%emt 0:00:31]} Kd5 {[%emt 0:11:50]} 45. bxc5 {[%emt 0:00:15]} g5 {[%emt 0:02:31]} 46. c6 {[%emt 0:01:48]} Re4+ {[%emt 0:03:54]} 47. Kd3 {[%emt 0:01:21]} Rd4+ {[%emt 0:01:27]} 48. Ke3 {[%emt 0:00:09]} Re4+ {[%emt 0:00:52]} 49. Kd3 {[%emt 0:00:06]} Rxg4 {[%emt 0:01:03]} 50. c7 {[%emt 0:02:19]} Rd4+ {[%emt 0:00:02]} 51. Ke3 {[%emt 0:00:12]} Rc4 {[%emt 0:00:05]} 52. Rg6 {[%emt 0:01:06]} Rxc7 {[%emt 0:00:57]} 53. Rxg5 {[%emt 0:00:03]} Rc3+ {[%emt 0:00:03]} 54. Kd2 {[%emt 0:00:06]} Ra3 {[%emt 0:00:03]} 55. Rg4 {[%emt 0:00:13]} e4 {[%emt 0:00:06]} 56. Rg8 {[%emt 0:00:13]} Ke5 {[%emt 0:00:59]} 57. Ke2 {[%emt 0:00:23]} Kf4 {[%emt 0:00:06]} 58. g3+ {[%emt 0:00:05]} Rxg3 {[%emt 0:00:03]} 59. Rxg3 {[%emt 0:00:06]} Kxg3 {[%emt 0:00:05]} 60. Ke3 {[%emt 0:00:01]} Kg4 {[%emt 0:00:08]} 61. Kxe4 {[%emt 0:00:02]} 1/2-1/2

[Event "71st RUS-ch Higher League 2018"]
[Site "Yaroslavl"]
[Date "2018.07.02"]
[Round "6"]
[White "Matlakov, Maxim"]
[Black "Lobanov, Sergei"]
[Result "1/2-1/2"]
[WhiteElo "2699"]
[BlackElo "2521"]
[Annotator "TA"]
[PlyCount "96"]
[EventDate "2018.06.26"]
[EventType "swiss"]
[EventCountry "RUS"]
[SourceTitle "playchess.com"]
[Source "ChessBase"]
[SourceQuality "1"]

{[%evp 14,96,0,0,0,0,39,31,38,39,44,33,37,42,49,45,229,213,211,211,183,152,211,218,343,330,326,115,111,118,174,179,154,175,154,53,37,-4,-24,-83,-53,-74,-52,-139,77,130,104,114,114,28,16,-48,4,0,0,-58,122,116,113,115,121,124,119,118,112,92,129,14,3,0,0,0,0,0,0,0,0,0,0,0,0,0,0,0,0]} 1. e4 c6 2. d4 d5 3. e5 Bf5 4. h4 h6 5. g4 Bd7 6. Nc3 {B12: Caro-Kann: Advance Variation} (6. Be3 Qb6 7. Nd2 e6 8. Nb3 Na6 9. h5 c5 10. dxc5 Nxc5 11. Nf3 Qc7 12. c3 b6 13. Nbd4 a6 {½-½ (56) Nepomniachtchi,I (2767)-Dreev,A (2652) Doha 2016}) 6... e6 7. Be3 Qb6 8. Na4 {LiveBook: 3 Games} Qa5+ 9. c3 Qc7 (9... b6 $5 {[%cal Rc6c5]} 10. b4 Bxb4 $14) 10. f4 b6 $146 ({Predecessor:} 10... h5 11. gxh5 Nh6 12. Nc5 Nf5 13. Bf2 Bc8 14. Nh3 b6 15. Nb3 Ba6 16. Bxa6 Nxa6 17. Qe2 Qb7 18. Ng5 {½-½ (18) Arizmendi Martinez,J (2501)-Peralta,F (2588) Barcelona 2016}) 11. h5 c5 12. Nf3 c4 13. b4 $36 {[%cal Bb2b4,Bb4b5][%mdl 2080] Black is under pressure.} a5 14. b5 $1 Ne7 $2 (14... Bxb5 $14 15. Rb1 Bc6) 15. Rb1 $1 $18 Nc8 16. Bh3 Na7 17. f5 Be7 (17... exf5 $16 {was worth a try.} 18. gxf5 Bxb5) 18. O-O Kd8 (18... exf5 $142 19. gxf5 Bxb5) 19. g5 exf5 20. gxh6 $2 (20. Nh4 $18 {is the precise move to win.}) 20... gxh6 $16 21. Nh2 Rg8+ (21... Nxb5 $16 {keeps fighting.} 22. Bxf5 Na3) 22. Kh1 $18 Rg3 ({Much worse is} 22... Nxb5 $6 23. Qf3 $16) 23. Bxf5 Rxe3 24. Bxd7 (24. Qd2 $16 Bg5 25. Qg2) 24... Nxd7 $14 25. Qg4 (25. Rxf7 $5 {[%cal Rd1g1]} Rg3 26. Qf1 $16) 25... Bg5 {Strongly threatening ...Ke7.} 26. Qg2 {[#]} (26. Qf5 $11) 26... Ke7 $1 $17 27. Qxd5 Rf8 28. Rf5 (28. Rf3 $1 $15) 28... Nxe5 $2 (28... f6 $17 {stays on course. White must now prevent ...Nc8.} 29. Ng4 Re2) 29. dxe5 $16 Qd7 30. Qxd7+ Kxd7 31. Nf3 (31. Nxb6+ $16 Ke6 32. Rf3 Rxe5 33. Nxc4 Rxb5 34. Re1+ Kd7 35. Ne5+ Kc7 36. c4 (36. Nxf7 Bh4 $14)) 31... Bd8 $11 32. Nd4 ({White should play} 32. Kg1 $11) 32... Bc7 ({Black should try} 32... Rg8 $15 33. Rxf7+ Ke8) 33. e6+ Ke7 34. Rbf1 (34. exf7 $11 Rxf7 35. Kg1) 34... f6 $2 {[#]} ({Don't play} 34... Rh3+ $6 35. Kg2 $14) (34... Rg8 $1 $15 {keeps the upper hand.} 35. Rxf7+ Ke8) 35. Rd5 $1 $16 {[%cal Rd5d7]} Rh3+ 36. Kg2 Rh2+ 37. Kf3 {And now Rd7+ would win.} Rd8 38. Rxd8 Bxd8 39. Rg1 Kf8 40. Rd1 (40. Nf5 $16) 40... Rxh5 $11 {The position is equal.} (40... Rxa2 41. Nf5 $18) 41. Nc6 Nxc6 42. bxc6 {[%mdl 4096] Endgame KRB-KRN} Ke8 {...b5 is the strong threat.} 43. Rd7 {aiming for c7.} b5 44. e7 $1 {[%csl Gd7][%cal Re7d8]} Rf5+ 45. Kg4 {[%csl Gd7][%cal Re7d8]} Rg5+ 46. Kf3 $1 {[%csl Gd7][%cal Re7d8]} Rf5+ 47. Kg4 {[%csl Gd7][%cal Re7d8]} Rg5+ 48. Kf3 $1 {[%csl Gd7][%cal Re7d8]} Rf5+ {Precision: White = 53%, Black = 52%.} 1/2-1/2

[Event "71st RUS-ch Higher League 2018"]
[Site "Yaroslavl"]
[Date "2018.07.02"]
[Round "6"]
[White "Inarkiev, Ernesto"]
[Black "Alekseenko, Kirill"]
[Result "1/2-1/2"]
[WhiteElo "2684"]
[BlackElo "2621"]
[Annotator "TA"]
[PlyCount "146"]
[EventDate "2018.06.26"]
[EventType "swiss"]
[EventCountry "RUS"]
[SourceTitle "playchess.com"]
[Source "ChessBase"]
[SourceQuality "1"]

{[%evp 33,146,20,20,18,17,0,30,9,5,7,21,19,39,15,27,12,14,20,19,0,0,0,0,0,0,0,26,26,26,27,18,-14,13,22,20,14,28,27,27,16,44,23,81,42,42,42,42,32,35,35,35,31,73,27,48,54,54,53,54,0,53,0,0,0,0,0,0,0,0,0,0,0,0,0,0,0,0,0,0,0,0,0,0,0,0,0,0,0,0,0,0,0,0,0,0,0,0,0,0,0,0,0,0,0,0,0,0,0,0,0,0,0,0,0,0]} 1. e4 e5 2. Nf3 Nc6 3. Bb5 a6 4. Ba4 Nf6 5. O-O Be7 6. Re1 b5 7. Bb3 d6 8. c3 O-O 9. h3 Nb8 10. d4 Nbd7 11. Nbd2 Bb7 12. Bc2 Re8 13. a4 Bf8 14. Bd3 c6 15. b3 g6 16. Qc2 Nh5 17. Bf1 {C95: Closed Ruy Lopez: Breyer Variation with 10 d4} Nf4 {LiveBook: 3 Games} (17... Qb6 18. Bb2 exd4 19. cxd4 d5 20. exd5 cxd5 21. Rxe8 Rxe8 22. axb5 axb5 23. Qd3 Bc6 24. g3 Nhf6 {½-½ (41) Vallejo Pons,F (2705)-Topalov,V (2805) Linares 2010}) 18. g3 Ne6 19. Bb2 Bg7 20. b4 Nb6 $146 ({Predecessor:} 20... Qc7 21. axb5 cxb5 22. d5 Nd4 23. Qd1 Nxf3+ 24. Qxf3 Rf8 {1-0 (34) Korhonen,M-Magne,G IECC email 1997}) 21. axb5 axb5 22. dxe5 Rxa1 23. Rxa1 dxe5 24. c4 Nd4 25. Bxd4 exd4 26. Ra7 Re7 27. cxb5 cxb5 {[#] Hoping for ...Bxe4.} 28. Qc5 Nc8 29. Ra3 Nd6 30. e5 Ne4 31. Nxe4 Bxe4 32. Qxb5 Bxf3 33. Rxf3 Bxe5 34. Bc4 {Rxf7! is the strong threat.} Bc7 35. h4 Kg7 36. h5 Qd6 37. Bb3 Bb6 (37... f5 $11) 38. Kg2 f5 39. Qc4 Qd8 $1 40. Rf4 Rc7 41. Qe6 Re7 42. Qc6 Re8 43. Kh3 Bc7 {[#]} 44. h6+ $1 {[%mdl 512]} Kxh6 45. Rxf5 $1 Re7 $1 46. Qf6 (46. Rd5 $14 Qf8 47. Qc1+ (47. Rxd4 Qxf2 48. Rg4 Bxg3 $17) 47... Kg7 48. Qc5) 46... Re1 (46... Re2 $11) 47. Qc6 ({White should try} 47. Qxd8 $14 Bxd8 48. Rd5) 47... Qd6 {The position is equal.} 48. Rf6 Qxc6 ({Don't blunder} 48... Qxb4 $2 49. Qxc7 (49. Bc2 Kg7 $18) 49... Qxb3 50. Rf7 $18) 49. Rxc6 $11 {[%mdl 4096] Endgame KRB-KRB} Bb8 50. Rc8 Rb1 51. Rxb8 {aiming for Bc4.} Rxb3 {KR-KR} 52. Kg4 d3 53. Kf3 Rb2 54. b5 d2 55. Ke2 d1=Q+ 56. Kxd1 Rxf2 57. Rd8 Kg5 58. Rd2 Rf1+ 59. Kc2 Rf5 60. b6 Rc5+ 61. Kb1 {Strongly threatening b7.} Rc8 62. Rd4 Kf5 63. Rb4 Ke5 64. b7 Rb8 65. Kc2 Kd5 66. Kd3 Kc6 67. Ke4 Rxb7 68. Rxb7 Kxb7 {KPP-KP} 69. Kf4 Kc6 70. Kg5 Kd5 {White must now prevent ...Ke4.} 71. Kh6 Ke4 {Threatens to win with ...Kf3.} 72. Kxh7 Kf3 {( -> ...g5)} 73. Kxg6 Kxg3 {Precision: White = 73%, Black = 75%.} 1/2-1/2

[Event "71st RUS-ch Higher League 2018"]
[Site "Yaroslavl"]
[Date "2018.07.02"]
[Round "6"]
[White "Najer, Evgeniy"]
[Black "Yanchenko, Roman"]
[Result "1-0"]
[WhiteElo "2668"]
[BlackElo "2462"]
[Annotator "ChessBase"]
[PlyCount "119"]
[EventDate "2018.06.26"]
[EventType "swiss"]
[EventCountry "RUS"]
[SourceTitle "playchess.com"]
[Source "ChessBase"]
[SourceQuality "1"]
[TimeControl "40/5400+30:1800+30"]

1. e4 {[%emt 0:01:59]} e5 {[%emt 0:00:00]} 2. Bc4 {[%emt 0:00:11]} Nf6 {[%emt 0:00:36]} 3. d3 {[%emt 0:00:26]} Nc6 {[%emt 0:03:27]} 4. Nf3 {[%emt 0:00:14]} Bc5 {[%emt 0:01:47]} 5. Bg5 {[%emt 0:00:22]} d6 {[%emt 0:02:18]} 6. c3 {[%emt 0:00:40]} Be6 {[%emt 0:02:32]} 7. Bxe6 {[%emt 0:06:03]} fxe6 {[%emt 0:00:02]} 8. b4 {[%emt 0:00:14]} Bb6 {[%emt 0:00:12]} 9. a4 {[%emt 0:00:05]} a6 {[%emt 0:02:34]} 10. Na3 {[%emt 0:00:18]} O-O {[%emt 0:01:47]} 11. O-O {[%emt 0:00:05]} Ne7 {[%emt 0:04:52]} 12. Qb3 {[%emt 0:12:17]} Qd7 {[%emt 0:00:45]} 13. Nc4 {[%emt 0:00:20]} Ng6 {[%emt 0:08:13]} 14. b5 {[%emt 0:05:48]} Nh5 {[%emt 0:03:38]} 15. bxa6 {[%emt 0:17:18]} bxa6 {[%emt 0:02:17]} 16. Qd1 {[%emt 0:01:23]} Nhf4 {[%emt 0:11:34]} 17. Bxf4 {[%emt 0:04:46]} Nxf4 {[%emt 0:03:19]} 18. g3 {[%emt 0:00:33]} Ng6 {[%emt 0:03:16]} 19. Nxb6 {[%emt 0:03:12]} cxb6 {[%emt 0:00:03]} 20. Nd2 {[%emt 0:00:07]} d5 {[%emt 0:01:22]} 21. Qb3 {[%emt 0:05:20]} b5 {[%emt 0:08:29]} 22. axb5 {[%emt 0:00:19]} Qxb5 {[%emt 0:00:54]} 23. c4 {[%emt 0:06:06]} Qxb3 {[%emt 0:02:34]} 24. Nxb3 {[%emt 0:00:06]} Rf3 {[%emt 0:03:45]} 25. Nc5 {[%emt 0:01:56]} dxc4 {[%emt 0:01:07]} 26. Kg2 {[%emt 0:07:20]} Rf7 {[%emt 0:00:08]} 27. dxc4 {[%emt 0:00:28]} Rc7 {[%emt 0:00:47]} 28. Ra5 {[%emt 0:02:29]} Nf8 {[%emt 0:03:01]} 29. Rb1 {[%emt 0:15:01]} Rac8 {[%emt 0:03:33]} 30. Nxa6 {[%emt 0:01:31]} Rxc4 {[%emt 0:00:02]} 31. Rxe5 {[%emt 0:00:08]} R8c6 {[%emt 0:00:05]} 32. Rb4 {[%emt 0:03:28]} Rc2 {[%emt 0:04:57]} 33. Ra5 {[%emt 0:00:26]} Rd6 {[%emt 0:00:04]} 34. Rb3 {[%emt 0:00:42]} h6 {[%emt 0:05:43]} 35. Nc5 {[%emt 0:01:00]} Nd7 {[%emt 0:01:16]} 36. Rd3 {[%emt 0:02:25]} Rxc5 {[%emt 0:01:18]} 37. Ra8+ {[%emt 0:00:43]} Kf7 {[%emt 0:01:51]} 38. Rxd6 {[%emt 0:00:06]} Rc7 {[%emt 0:00:16]} 39. Rda6 {[%emt 0:00:42]} Rc4 {[%emt 0:01:13]} 40. Ra4 {[%emt 0:00:00]} Rc2 {[%emt 0:00:00]} 41. R8a7 {[%emt 0:02:21]} Rd2 {[%emt 0:00:22]} 42. Kf3 {[%emt 0:00:49]} Kf6 {[%emt 0:00:05]} 43. Ke3 {[%emt 0:00:32]} Rd1 {[%emt 0:00:04]} 44. Rd4 {[%emt 0:01:35]} Rxd4 {[%emt 0:00:02]} 45. Kxd4 {[%emt 0:00:07]} Ne5 {[%emt 0:00:01]} 46. Rxg7 {[%emt 0:02:36]} Nf3+ {[%emt 0:00:02]} 47. Ke3 {[%emt 0:00:09]} Nxh2 {[%emt 0:00:03]} 48. Rg8 {[%emt 0:00:14]} Kf7 {[%emt 0:00:01]} 49. Ra8 {[%emt 0:00:15]} Ng4+ {[%emt 0:00:03]} 50. Ke2 {[%emt 0:00:09]} Ne5 {[%emt 0:00:13]} 51. f3 {[%emt 0:00:47]} Nc6 {[%emt 0:00:07]} 52. Ke3 {[%emt 0:00:17]} Ne5 {[%emt 0:00:07]} 53. Ra6 {[%emt 0:00:32]} Ke7 {[%emt 0:00:24]} 54. f4 {[%emt 0:00:55]} Ng4+ {[%emt 0:00:02]} 55. Kf3 {[%emt 0:01:38]} Nh2+ {[%emt 0:00:02]} 56. Kg2 {[%emt 0:00:10]} Ng4 {[%emt 0:00:02]} 57. e5 {[%emt 0:01:48]} Ne3+ {[%emt 0:00:01]} 58. Kf3 {[%emt 0:00:22]} Nf5 {[%emt 0:00:02]} 59. g4 {[%emt 0:00:31]} Nd4+ {[%emt 0:00:08]} 60. Ke4 {[%emt 0:00:32]} 1-0

[Event "71st RUS-ch Higher League 2018"]
[Site "Yaroslavl"]
[Date "2018.07.02"]
[Round "6"]
[White "Motylev, Alexander"]
[Black "Sarana, Alexey"]
[Result "1/2-1/2"]
[WhiteElo "2659"]
[BlackElo "2573"]
[Annotator "ChessBase"]
[PlyCount "80"]
[EventDate "2018.06.26"]
[EventType "swiss"]
[EventCountry "RUS"]
[SourceTitle "playchess.com"]
[Source "ChessBase"]
[SourceQuality "1"]
[TimeControl "40/5400+30:1800+30"]

1. e4 {[%emt 0:00:00]} d6 {[%emt 0:00:00]} 2. d4 {[%emt 0:00:28]} Nf6 {[%emt 0:00:00]} 3. Nc3 {[%emt 0:00:04]} e5 {[%emt 0:00:00]} 4. Nf3 {[%emt 0:00:22]} Nbd7 {[%emt 0:00:00]} 5. Bc4 {[%emt 0:00:30]} Be7 {[%emt 0:00:00]} 6. O-O {[%emt 0:00:14]} O-O {[%emt 0:00:05]} 7. a4 {[%emt 0:00:18]} a5 {[%emt 0:00:09]} 8. h3 {[%emt 0:04:51]} c6 {[%emt 0:00:05]} 9. Re1 {[%emt 0:01:56]} Nb6 {[%emt 0:00:11]} 10. Bb3 {[%emt 0:02:02]} Nfd7 {[%emt 0:00:49]} 11. Be3 {[%emt 0:01:41]} exd4 {[%emt 0:00:05]} 12. Nxd4 {[%emt 0:09:36]} Nc5 {[%emt 0:00:05]} 13. Qf3 {[%emt 0:00:42]} Nxb3 {[%emt 0:00:06]} 14. cxb3 {[%emt 0:00:09]} Nd7 {[%emt 0:00:03]} 15. Rad1 {[%emt 0:02:17]} Ne5 {[%emt 0:00:31]} 16. Qe2 {[%emt 0:00:35]} f6 {[%emt 0:00:05]} 17. f4 {[%emt 0:06:29]} Nf7 {[%emt 0:00:26]} 18. Qc4 {[%emt 0:02:12]} Re8 {[%emt 0:00:37]} 19. f5 {[%emt 0:21:06]} Bd7 {[%emt 0:21:08]} 20. Bf2 {[%emt 0:03:52]} Qc8 {[%emt 0:04:57]} 21. Nf3 {[%emt 0:05:50]} d5 {[%emt 0:13:01]} 22. exd5 {[%emt 0:04:28]} Bxf5 {[%emt 0:01:10]} 23. Nd4 {[%emt 0:20:33]} Bd7 {[%emt 0:04:15]} 24. Ne6 {[%emt 0:06:32]} Bd6 {[%emt 0:16:21]} 25. Ne4 {[%emt 0:02:30]} Be5 {[%emt 0:14:03]} 26. Nd4 {[%emt 0:02:29]} Bxh3 {[%emt 0:02:58]} 27. dxc6 {[%emt 0:00:24]} bxc6 {[%emt 0:01:13]} 28. Nxc6 {[%emt 0:00:52]} Be6 {[%emt 0:03:21]} 29. Qb5 {[%emt 0:00:49]} Qc7 {[%emt 0:08:51]} 30. Nxe5 {[%emt 0:00:28]} Nxe5 {[%emt 0:00:16]} 31. Bb6 {[%emt 0:00:36]} Qc2 {[%emt 0:01:04]} 32. Bd4 {[%emt 0:00:32]} Reb8 {[%emt 0:04:09]} 33. Qf1 {[%emt 0:00:14]} Rf8 {[%emt 0:00:40]} 34. Nc5 {[%emt 0:00:37]} Bd5 {[%emt 0:03:32]} 35. Qe2 {[%emt 0:00:22]} Qxe2 {[%emt 0:02:20]} 36. Rxe2 {[%emt 0:00:02]} Nc6 {[%emt 0:00:24]} 37. Bxf6 {[%emt 0:00:57]} Bxb3 {[%emt 0:00:29]} 38. Nxb3 {[%emt 0:00:10]} Rxf6 {[%emt 0:00:02]} 39. Nc5 {[%emt 0:00:15]} Rf5 {[%emt 0:00:20]} 40. Ne4 {[%emt 0:00:00]} Re5 {[%emt 0:00:00]} 1/2-1/2